[Event "NRW Class1 1011"]
[Site "Germany"]
[Date "2010.12.19"]
[Round "4.3"]
[White "Wilde, Pierre"]
[Black "Ehrlich, Tim"]
[Result "1-0"]
[WhiteElo "2245"]
[BlackElo "1999"]
[PlyCount "81"]
[EventDate "2010.09.26"]
[EventType "team-tourn"]
[EventRounds "9"]
[EventCountry "GER"]
[SourceTitle "EXT 2012"]
[Source "ChessBase"]
[SourceDate "2011.11.24"]
[SourceVersion "1"]
[SourceVersionDate "2011.11.24"]
[SourceQuality "1"]
[WhiteTeam "Neuenkirchen"]
[BlackTeam "Brackweda"]
[WhiteTeamCountry "GER"]
[BlackTeamCountry "GER"]

1. d4 d5 2. c4 e6 3. Nc3 c6 4. cxd5 exd5 5. Bf4 Nf6 6. e3 Be7 7. Bd3 0-0 8. Qc2 Nbd7 9. Nf3 Re8 10. 0-0 Nf8 11. h3 Ng6 12. Bh2 a6 13. Rab1 Bd6 14. Bxd6 Qxd6 15. b4 Bd7 16. Na4 Rad8 17. Nc5 Bc8 18. a4 Nd7 19. Bf5 Qf6 20. Bxd7 Bxd7 21. Nxd7 Rxd7 22. b5 axb5 23. axb5 h6 24. Rfc1 Rc8 25. Qd3 Rdc7 26. Rc5 Qd6 27. bxc6 bxc6 28. Qa6 f5 29. g3 Qe6 30. Kh2 Kh7 31. Rbc1 Qd6 32. Qd3 Rf8 33. h4 h5 34. Ng5+ Kh6 35. Kg1 Rf6 36. Qb1 Nf8 37. Qb8 g6 38. Rxd5 Qxd5 39. Qxc7 Qd7 40. Qe5 Kg7 41. d5 1-0

[Event "NRW Class1 1011"]
[Site "Germany"]
[Date "2010.10.24"]
[Round "2.3"]
[White "Soukup, Jiri"]
[Black "Ehrlich, Tim"]
[Result "1-0"]
[WhiteElo "2309"]
[BlackElo "1999"]
[PlyCount "77"]
[EventDate "2010.09.26"]
[EventType "team-tourn"]
[EventRounds "9"]
[EventCountry "GER"]
[SourceTitle "EXT 2012"]
[Source "ChessBase"]
[SourceDate "2011.11.24"]
[SourceVersion "1"]
[SourceVersionDate "2011.11.24"]
[SourceQuality "1"]
[WhiteTeam "Letmathe"]
[BlackTeam "Brackweda"]
[WhiteTeamCountry "GER"]
[BlackTeamCountry "GER"]

1. e4 c5 2. a3 g6 3. b4 Bg7 4. c3 d6 5. d4 cxd4 6. cxd4 Nc6 7. Be3 a6 8. Nc3 Nf6 9. f3 Bd7 10. Bd3 0-0 11. Nge2 Nh5 12. Bc4 Rc8 13. Bb3 Na7 14. Qd2 Nb5 15. g4 Nxc3 16. Nxc3 Nf6 17. h4 h5 18. gxh5 Nxh5 19. Kf2 Be6 20. Bxe6 fxe6 21. Rhg1 Qe8 22. Raf1 Qf7 23. Ke1 e5 24. d5 Rc4 25. Rg4 Rfc8 26. Ne2 Rc2 27. Qd3 Nf4 28. Bxf4 exf4 29. Rfg1 Kf8 30. Rxg6 Bc3+ 31. Kf1 Bf6 32. Nxf4 Rc1+ 33. Kg2 Rxg1+ 34. Kxg1 Be5 35. Ne6+ Ke8 36. Rg4 Rc3 37. Qe2 Rxf3 38. Qxf3 Qxf3 39. Rg8+ 1-0

[Event "GER-chT U20"]
[Site "Chemnitz"]
[Date "2009.12.30"]
[Round "7.3"]
[White "Ehrlich, Tim"]
[Black "Bracker, Frank"]
[Result "1/2-1/2"]
[WhiteElo "1977"]
[BlackElo "2270"]
[PlyCount "120"]
[EventDate "2009.12.27"]
[EventType "team-swiss"]
[EventRounds "7"]
[EventCountry "GER"]
[SourceTitle "EXT 2022"]
[Source "ChessBase"]
[SourceDate "2021.10.06"]
[SourceVersion "1"]
[SourceVersionDate "2021.10.06"]
[SourceQuality "1"]
[WhiteTeam "Brackweda U20"]
[BlackTeam "Hamburger SK U20"]
[WhiteTeamCountry "GER"]
[BlackTeamCountry "GER"]

1. d4 Nf6 2. Bg5 e6 3. e4 h6 4. Bxf6 Qxf6 5. c3 d6 6. Nf3 g5 7. h3 Bg7 8. Nbd2 Nc6 9. Bd3 a6 10. Qe2 Bd7 11. 0-0-0 e5 12. d5 Ne7 13. Kb1 Qg6 14. Ka1 h5 15. g3 f6 16. Rc1 Kf7 17. Ne1 Bh6 18. g4 Bg7 19. Nc2 Rh7 20. f3 Rah8 21. Qg2 Ke8 22. Ne3 Qf7 23. Bc2 Ng6 24. Rcg1 Nf4 25. Qf1 Bf8 26. Nf5 hxg4 27. hxg4 Rh2 28. Bd1 Qh7 29. Ng3 Qf7 30. Nb3 R8h4 31. Nc1 Qh7 32. Nce2 Bb5 33. Rxh2 Rxh2 34. a4 Nxe2 35. Bxe2 Bxa4 36. Rh1 Be7 37. Qg1 Rxh1 38. Qxh1 Qxh1+ 39. Nxh1 Bb3 40. Nf2 Kd7 41. Bd1 Bc4 42. b3 Bf1 43. c4 b5 44. cxb5 Bxb5 45. Kb2 c6 46. Kc3 Bd8 47. Nh1 Ba5+ 48. b4 Bb6 49. Ng3 Bd4+ 50. Kb3 Bf2 51. Nh5 Ke7 52. Ng7 cxd5 53. exd5 Be1 54. Bc2 Be2 55. Be4 Bd1+ 56. Kc4 Kd7 57. Nh5 Ke7 58. Ng7 Ba4 59. Nf5+ Kd7 60. Ng7 Ke7 1/2-1/2

[Event "Dresden ZMD op"]
[Site "Dresden"]
[Date "2007.07.23"]
[Round "3"]
[White "Ehrlich, Tim"]
[Black "Wronn, Bernd"]
[Result "1/2-1/2"]
[WhiteElo "1911"]
[BlackElo "2260"]
[PlyCount "103"]
[EventDate "2007.07.21"]
[EventType "swiss"]
[EventRounds "9"]
[EventCountry "GER"]
[SourceTitle "EXT 2008"]
[Source "ChessBase"]
[SourceDate "2007.11.25"]
[SourceVersion "1"]
[SourceVersionDate "2007.11.25"]
[SourceQuality "1"]

1. e4 c6 2. d4 d5 3. Nc3 dxe4 4. Nxe4 Nf6 5. Nxf6+ gxf6 6. c3 Qc7 7. g3 Bf5 8. Nf3 e6 9. Bg2 Nd7 10. Nh4 Bg6 11. 0-0 0-0-0 12. c4 Nb6 13. b3 Bc5 14. Bb2 Bxd4 15. Bxd4 c5 16. Nf3 cxd4 17. c5 Na8 18. b4 e5 19. b5 Kd7 20. Rc1 Ke7 21. Nh4 f5 22. Re1 Rhe8 23. Bh3 Rd5 24. Nxf5+ Bxf5 25. Bxf5 Rxc5 26. Bxh7 Rxc1 27. Qxc1 Qxc1 28. Rxc1 Ke6 29. g4 Kf6 30. f3 Re7 31. h4 Nc7 32. a4 Nd5 33. Kf2 Nc3 34. Bc2 Rc7 35. g5+ Kg7 36. Re1 f6 37. gxf6+ Kxf6 38. Rg1 Nxb5 39. Rg6+ Kf7 40. Bd3 Nc3 41. h5 Nd1+ 42. Ke2 Nc3+ 43. Kf2 Rc6 44. Rg5 e4 45. Bxe4 Nxe4+ 46. fxe4 Rc2+ 47. Kf3 Kf6 48. Rd5 Rc4 49. a5 Ra4 50. Kf4 d3 51. Rxd3 Rxa5 52. Rd7 1/2-1/2

[Event "Dresden ZMD op"]
[Site "Dresden"]
[Date "2007.07.21"]
[Round "1"]
[White "Ehrlich, Tim"]
[Black "Markowski, Tomasz"]
[Result "0-1"]
[WhiteElo "1911"]
[BlackElo "2573"]
[PlyCount "44"]
[EventDate "2007.07.21"]
[EventType "swiss"]
[EventRounds "9"]
[EventCountry "GER"]
[SourceTitle "EXT 2008"]
[Source "ChessBase"]
[SourceDate "2007.11.25"]
[SourceVersion "1"]
[SourceVersionDate "2007.11.25"]
[SourceQuality "1"]

1. e4 c5 2. Nf3 e6 3. d4 cxd4 4. Nxd4 a6 5. Nc3 b5 6. Bd3 d6 7. Be3 Nf6 8. 0-0 Bb7 9. a3 Nbd7 10. f4 Be7 11. Qf3 Rc8 12. Rae1 Nc5 13. f5 e5 14. Nb3 0-0 15. Qg3 Kh8 16. Nd2 d5 17. exd5 Nxd3 18. cxd3 Nxd5 19. Nxd5 Qxd5 20. Ne4 Qxd3 21. f6 gxf6 22. Rxf6 Qxe4 0-1

[Event "Bielefeld Gr3"]
[Site "Bielefeld"]
[Date "2007.05.28"]
[Round "7"]
[White "Ehrlich, Tim"]
[Black "Wohlrabe, Joerg"]
[Result "1/2-1/2"]
[WhiteElo "1821"]
[BlackElo "1908"]
[PlyCount "73"]
[EventDate "2007.05.25"]
[EventType "tourn"]
[EventRounds "7"]
[EventCountry "GER"]
[SourceTitle "EXT 2008"]
[Source "ChessBase"]
[SourceDate "2007.11.25"]
[SourceVersion "1"]
[SourceVersionDate "2007.11.25"]
[SourceQuality "1"]

1. e4 e6 2. d4 b6 3. Bd3 Bb7 4. Nf3 d6 5. c4 Nd7 6. Nc3 Be7 7. 0-0 c5 8. d5 e5 9. Be3 Ngf6 10. Ne2 0-0 11. Ng3 Re8 12. Nf5 Bf8 13. Bg5 h6 14. Be3 Ng4 15. Bd2 Bc8 16. h3 Ngf6 17. Kh1 Nb8 18. Ng3 Be7 19. a4 a5 20. Qe2 Nh7 21. Rae1 Ng5 22. Nf5 Bxf5 23. exf5 Nxf3 24. Qxf3 Nd7 25. g3 Nf6 26. h4 h5 27. Qg2 Qd7 28. b3 e4 29. Bxe4 Nxe4 30. Rxe4 Qxf5 31. Rfe1 Kf8 32. Qf1 Bf6 33. Rxe8+ Rxe8 34. Rxe8+ Kxe8 35. Qe2+ Kd7 36. Be3 g6 37. Qd1 1/2-1/2

[Event "Bielefeld Gr3"]
[Site "Bielefeld"]
[Date "2007.05.28"]
[Round "6"]
[White "Kewe, Stefan"]
[Black "Ehrlich, Tim"]
[Result "1/2-1/2"]
[WhiteElo "1974"]
[BlackElo "1821"]
[PlyCount "65"]
[EventDate "2007.05.25"]
[EventType "tourn"]
[EventRounds "7"]
[EventCountry "GER"]
[SourceTitle "EXT 2008"]
[Source "ChessBase"]
[SourceDate "2007.11.25"]
[SourceVersion "1"]
[SourceVersionDate "2007.11.25"]
[SourceQuality "1"]

1. e4 c5 2. Nc3 Nc6 3. g3 g6 4. Bg2 Bg7 5. d3 d6 6. f4 e6 7. Nf3 Nge7 8. 0-0 0-0 9. Be3 Nd4 10. Qd2 b5 11. e5 Nxf3+ 12. Bxf3 Rb8 13. exd6 Qxd6 14. Ne4 Qc7 15. Qf2 Bxb2 16. Rab1 Bd4 17. Bxd4 cxd4 18. Qxd4 Qb6 19. Qxb6 Rxb6 20. Nc5 Nf5 21. c3 Rd8 22. Rf2 Nd6 23. Rfb2 Bd7 24. Kf2 Bc6 25. a4 Bxf3 26. Kxf3 Rc8 27. d4 Nc4 28. Ra2 bxa4 29. Rba1 a3 30. Ke2 Rb5 31. Kd3 Nb2+ 32. Kc2 Nc4 33. Kd3 1/2-1/2

[Event "Bielefeld Gr3"]
[Site "Bielefeld"]
[Date "2007.05.26"]
[Round "2"]
[White "Schulte, Jens"]
[Black "Ehrlich, Tim"]
[Result "1-0"]
[WhiteElo "2005"]
[BlackElo "1821"]
[PlyCount "77"]
[EventDate "2007.05.25"]
[EventType "tourn"]
[EventRounds "7"]
[EventCountry "GER"]
[SourceTitle "EXT 2008"]
[Source "ChessBase"]
[SourceDate "2007.11.25"]
[SourceVersion "1"]
[SourceVersionDate "2007.11.25"]
[SourceQuality "1"]

1. e4 c5 2. Nc3 Nc6 3. Bb5 d6 4. d4 cxd4 5. Qxd4 Bd7 6. Bxc6 bxc6 7. Nf3 c5 8. Qd3 g6 9. 0-0 Bg7 10. Re1 Bc6 11. Bg5 Nh6 12. h3 f6 13. Be3 0-0 14. Qc4+ Kh8 15. Rad1 Nf7 16. Bxc5 Rc8 17. Qb3 Qc7 18. Bd4 e5 19. Be3 f5 20. Ng5 Nxg5 21. Bxg5 h6 22. Bc1 Bxe4 23. Nxe4 fxe4 24. c3 Qc6 25. Qd5 Qxd5 26. Rxd5 Rfd8 27. Rxe4 Rb8 28. Ra4 Rd7 29. Ra6 Bf8 30. b3 Rb6 31. Rxb6 axb6 32. Be3 Kg8 33. Bxb6 Kf7 34. c4 Ke6 35. a4 Rf7 36. a5 Kd7 37. a6 Kc6 38. a7 Kb7 39. Rb5 1-0

[Event "Dortmund Sparkassen op-A"]
[Site "Dortmund"]
[Date "2006.08.04"]
[Round "7"]
[White "Ehrlich, Tim"]
[Black "Renk, Cornelius"]
[Result "1-0"]
[WhiteElo "1714"]
[BlackElo "1946"]
[PlyCount "84"]
[EventDate "2006.07.28"]
[EventType "swiss"]
[EventRounds "9"]
[EventCountry "GER"]
[SourceTitle "CBM 113 Extra"]
[Source "ChessBase"]
[SourceDate "2006.09.14"]
[SourceVersion "1"]
[SourceVersionDate "2006.09.14"]
[SourceQuality "1"]

1. e4 c6 2. d4 d5 3. Nc3 dxe4 4. Nxe4 Bf5 5. Ng3 Bg6 6. h4 h6 7. Nf3 Nd7 8. h5 Bh7 9. Bd3 Bxd3 10. Qxd3 Ngf6 11. Bf4 Qa5+ 12. Bd2 Qc7 13. 0-0-0 0-0-0 14. Ne4 Nxe4 15. Qxe4 Nf6 16. Qe3 e6 17. g3 Bd6 18. Kb1 Rhe8 19. c4 Rd7 20. Bc3 Red8 21. d5 exd5 22. Bxf6 gxf6 23. Qxh6 dxc4 24. Qc1 Qb6 25. Rd4 Ba3 26. Rxd7 Rxd7 27. h6 Rd8 28. Qc3 Rd3 29. Qxf6 c3 30. Qf5+ Kb8 31. Qf4+ Kc8 32. Qc1 Bxb2 33. Qc2 Rd8 34. h7 Ba3+ 35. Qb3 c2+ 36. Kxc2 Qxf2+ 37. Kb1 Rh8 38. Qxa3 Qg2 39. Rh2 Qxg3 40. Qc3 Qg6+ 41. Qc2 Qf6 42. Nd2 Qg7 1-0

[Event "Dortmund Sparkassen op-A"]
[Site "Dortmund"]
[Date "2006.08.02"]
[Round "5"]
[White "Schwietering, Ralf"]
[Black "Ehrlich, Tim"]
[Result "1-0"]
[WhiteElo "1818"]
[BlackElo "1714"]
[PlyCount "103"]
[EventDate "2006.07.28"]
[EventType "swiss"]
[EventRounds "9"]
[EventCountry "GER"]
[SourceTitle "CBM 113 Extra"]
[Source "ChessBase"]
[SourceDate "2006.09.14"]
[SourceVersion "1"]
[SourceVersionDate "2006.09.14"]
[SourceQuality "1"]

1. e4 c5 2. Nf3 d6 3. Be2 Nc6 4. d4 cxd4 5. Nxd4 Nf6 6. Nc3 g6 7. Be3 Bg7 8. f3 0-0 9. Qd2 Bd7 10. g4 Rc8 11. h4 h5 12. gxh5 Nxh5 13. Nxc6 Bxc6 14. 0-0-0 Qa5 15. Kb1 Ng3 16. Rh2 Nxe2 17. Nxe2 Qxd2 18. Bxd2 f5 19. exf5 Rxf5 20. f4 Be4 21. Rc1 Rb5 22. b4 Kf7 23. a4 Rd5 24. Ng3 Bf5 25. Nxf5 Rxf5 26. c4 Rh5 27. Ka2 Bf6 28. Be3 b6 29. Bf2 Rch8 30. Rch1 Ke6 31. Kb3 Kf5 32. Be1 e5 33. fxe5 dxe5 34. Rf1+ Ke6 35. Rg2 Rg8 36. Rfg1 Bxh4 37. Bxh4 Rxh4 38. Rxg6+ Rxg6 39. Rxg6+ Kf7 40. Rc6 Rh3+ 41. Kc2 e4 42. Rc7+ Ke6 43. Rxa7 Rd3 44. Ra6 Rd8 45. Rxb6+ Ke5 46. Rb5+ Kf6 47. Rd5 Rb8 48. b5 Ra8 49. b6 Rxa4 50. b7 Rb4 51. Rb5 Rxc4+ 52. Kb3 1-0

[Event "Dortmund Sparkassen op-A"]
[Site "Dortmund"]
[Date "2006.08.01"]
[Round "4"]
[White "Matula, Artur"]
[Black "Ehrlich, Tim"]
[Result "1-0"]
[WhiteElo "1856"]
[BlackElo "1714"]
[PlyCount "55"]
[EventDate "2006.07.28"]
[EventType "swiss"]
[EventRounds "9"]
[EventCountry "GER"]
[SourceTitle "CBM 113 Extra"]
[Source "ChessBase"]
[SourceDate "2006.09.14"]
[SourceVersion "1"]
[SourceVersionDate "2006.09.14"]
[SourceQuality "1"]

1. e4 c5 2. c3 d5 3. exd5 Qxd5 4. d4 Nc6 5. Nf3 e6 6. Be2 Nf6 7. 0-0 Be7 8. Na3 cxd4 9. Nb5 Qd8 10. Bf4 Nd5 11. Bg3 dxc3 12. bxc3 a6 13. c4 axb5 14. cxd5 exd5 15. Bxb5 0-0 16. Re1 Be6 17. a4 Bf6 18. Rc1 Rc8 19. Bd3 Qa5 20. h4 Ra8 21. h5 h6 22. Bb1 Nb4 23. Bd3 Rfd8 24. Bc7 Qxa4 25. Qxa4 Rxa4 26. Bxd8 Bxd8 27. Nd4 Bd7 28. Rc8 1-0

[Event "Dortmund Sparkassen op-A"]
[Site "Dortmund"]
[Date "2006.07.28"]
[Round "1"]
[White "Ehrlich, Tim"]
[Black "Simon, Thomas"]
[Result "0-1"]
[WhiteElo "1714"]
[BlackElo "2045"]
[PlyCount "142"]
[EventDate "2006.07.28"]
[EventType "swiss"]
[EventRounds "9"]
[EventCountry "GER"]
[SourceTitle "CBM 113 Extra"]
[Source "ChessBase"]
[SourceDate "2006.09.14"]
[SourceVersion "1"]
[SourceVersionDate "2006.09.14"]
[SourceQuality "1"]

1. e4 c5 2. Nf3 Nc6 3. d4 cxd4 4. Nxd4 Nf6 5. Nc3 e5 6. Ndb5 d6 7. Bg5 a6 8. Na3 b5 9. Nd5 Be7 10. Bxf6 Bxf6 11. c3 Bb7 12. Be2 0-0 13. 0-0 Bg5 14. Nc2 Ne7 15. Ncb4 Nxd5 16. Nxd5 Rb8 17. b3 Kh8 18. a4 bxa4 19. Rxa4 a5 20. Bc4 Bc6 21. Ra2 f5 22. f3 f4 23. Qd2 Bh4 24. Rfa1 Bxd5 25. Bxd5 Rb5 26. Kf1 Qb6 27. Bc4 Rc5 28. Rd1 Rd8 29. Bd5 Rb8 30. Rb1 Qa6+ 31. Kg1 Qa7 32. Kh1 Bd8 33. Rab2 Rbc8 34. Bc4 Qe7 35. Re1 R8c6 36. Rc1 Bb6 37. Ra2 Rc8 38. Rd1 Rd8 39. Bd5 Rc7 40. b4 Be3 41. Qb2 axb4 42. cxb4 Rb8 43. Ra8 Rxa8 44. Bxa8 Qd8 45. Bd5 Qc8 46. b5 Rc2 47. Qa3 Bc5 48. Qa8 Qxa8 49. Bxa8 Rb2 50. Bc6 g5 51. g3 fxg3 52. hxg3 h5 53. Ra1 Kg7 54. Ra8 h4 55. gxh4 gxh4 56. Bd7 Be3 57. Ra6 Bc5 58. Bg4 Rxb5 59. Kg2 Kf6 60. Kh3 Kg5 61. Ra8 Bf2 62. Ra2 Bg3 63. Rd2 Rb6 64. Rc2 Kf4 65. Ra2 Rb1 66. Rd2 Rh1+ 67. Kg2 Rh2+ 68. Kf1 Rxd2 69. Kg1 Rf2 70. Kh1 Rxf3 71. Bf5 Re3 0-1

[Event "Bielefeld Gr6"]
[Site "Bielefeld"]
[Date "2006.06.03"]
[Round "2"]
[White "Nonhoff, Marko"]
[Black "Ehrlich, Tim"]
[Result "1-0"]
[WhiteElo "1613"]
[BlackElo "1600"]
[PlyCount "113"]
[EventDate "2006.06.02"]
[EventType "tourn"]
[EventRounds "7"]
[EventCountry "GER"]
[SourceTitle "EXT 2007"]
[Source "ChessBase"]
[SourceDate "2006.11.23"]
[SourceVersion "1"]
[SourceVersionDate "2006.11.23"]
[SourceQuality "1"]

1. e4 c5 2. c3 d5 3. exd5 Qxd5 4. d4 Nc6 5. Nf3 Bg4 6. Be2 e6 7. 0-0 Nf6 8. Be3 Rd8 9. h3 Bh5 10. Qa4 Be7 11. dxc5 0-0 12. Rd1 Qe4 13. c4 Rxd1+ 14. Bxd1 Qd3 15. Nc3 a6 16. Be2 Qd8 17. Rd1 Qc7 18. a3 Ne5 19. Nxe5 Qxe5 20. Bxh5 Qxh5 21. c6 bxc6 22. Qxc6 Qa5 23. Qb6 Qxb6 24. Bxb6 Rc8 25. c5 Kf8 26. b4 Ke8 27. Kf1 Nd7 28. Ne4 Nxb6 29. cxb6 Rc6 30. b7 Rb6 31. Nd6+ Bxd6 32. Rxd6 Rxb7 33. Rxa6 Kd7 34. Ke2 Kc8 35. Kd3 Rc7 36. Ra5 Kb7 37. Rc5 Rd7+ 38. Kc3 Rd1 39. Kb3 Rd3+ 40. Rc3 Rd2 41. Rc2 Rd3+ 42. Ka4 Kb6 43. Rb2 e5 44. b5 Rd5 45. g3 h5 46. Kb4 Rxb5+ 47. Kc3 Rxb2 48. Kxb2 Kc5 49. Kc3 f5 50. h4 g6 51. a4 e4 52. a5 Kb5 53. Kd4 Kxa5 54. Ke5 Kb5 55. Kf6 Kc4 56. Kxg6 Kd3 57. Kxf5 1-0

[Event "Dortmund op-B"]
[Site "Dortmund"]
[Date "2005.07.14"]
[Round "6"]
[White "Dacic, Adrian"]
[Black "Ehrlich, Tim"]
[Result "1-0"]
[WhiteElo "1588"]
[BlackElo "1481"]
[PlyCount "107"]
[EventDate "2005.07.08"]
[EventType "swiss"]
[EventRounds "9"]
[EventCountry "GER"]
[SourceTitle "CBM 107 Extra"]
[Source "ChessBase"]
[SourceDate "2005.09.01"]
[SourceVersion "1"]
[SourceVersionDate "2005.09.01"]
[SourceQuality "1"]

1. e4 c5 2. Nf3 d6 3. Bb5+ Nc6 4. d4 a6 5. Bxc6+ bxc6 6. dxc5 Qa5+ 7. Nc3 Qxc5 8. 0-0 Nf6 9. Be3 Qb4 10. Rb1 Nxe4 11. Nxe4 Qxe4 12. Re1 Bg4 13. c3 Bxf3 14. gxf3 Qg6+ 15. Kf1 Qh5 16. Bf4 Qb5+ 17. Kg1 e5 18. Bg3 Be7 19. f4 f6 20. Qh5+ g6 21. Qf3 0-0 22. f5 g5 23. h4 h6 24. Qh5 Rf7 25. Kh2 Qd3 26. Rbd1 Qxf5 27. Re3 Rg7 28. Rg1 Qg6 29. Qg4 f5 30. Qe2 gxh4 31. f4 hxg3+ 32. Rexg3 Qxg3+ 33. Rxg3 Rxg3 34. Kxg3 e4 35. Qc4+ Kg7 36. Qe6 Re8 37. Qd7 Kf7 38. Qxf5+ Bf6 39. Kf2 e3+ 40. Ke2 Re6 41. Qh5+ Kg7 42. Qg4+ Kf7 43. Qf3 d5 44. Qg4 c5 45. f5 Re4 46. Qg6+ Ke7 47. Qxh6 Rh4 48. Qg6 d4 49. Qg3 Kd7 50. Qg2 Kd6 51. cxd4 cxd4 52. Qg3+ Kd5 53. Kd3 Re4 54. Qf3 1-0